01237nam a2200253 i 450000100060000000300090000600500170001500700030003200800410003508000270007608000300010310000270013324501460016026000690030630000620037550501390043760000430057660000460061965100750066565100840074085200210082499900170084595201210086296665ES-MaACL20251003192811.0t|050629s1912 fr cbf |||| |dfre d a929 Bolívar, Simón a929 Miranda, Francisco de1 aMancini, Jules.97593010aBolivar et l'émancipation des colonies espagnoles des origines a 1815b: avec un portrait en héliogravure et une carte / cJules Mancini. aParis : bPerrin et Cie., c1912 (eTours : fE. Arrault et Cie) a[1] h. de lám., 606 p., [1] h. de mapa pleg. ; c23 cm.8 aContiene: Llivre premier ; tOrigines de la révolution sud-américiane - L. II ; tLe précurseur: Miranda - L. III ; tBolivar14aBolívar, Simón, d1783-183092996414aMiranda, Francisco de, d1750-1816981520 4aAmérica española-xHistoria-y1600-1830, Época colonial.9149267 4aAmérica española-xHistoria-y1806-1830, Guerras de la Independencia.97726 aES-MaACLjF-1125 c96665d96665 00104070aATENEOMbATENEOMcDEPO2d2008-01-17eSCl0oF-1125p1100917r2023-02-23 00:00:00w2023-02-23yMONOGRAFIA